000 01308nam0a22002651 4500
001 rc\403220
005 20030616165808.4
035 _a(NLR Aleph) 005651832
090 _a6779952
_c6779952
100 _a20030616d1989 u |0rusy50 ca
101 0 _arus
102 _aRU
105 _aa |||||||||
200 1 _aКинематика механизмов подъемно-транспортных машин лесной и деревообрабатывающей промышленности
_eУчеб. пособие для студентов спец. 26.01, 26.02, 26.03
_fИванков Р.П., Карлинский З.И., Шуть Г.Е.
_gГос. ком. СССР по нар. образованию, Моск. лесотехн. ин-т. [Каф. теории механизмов, деталей машин и приборов]
210 _aМ.
_cМоск. лесотехн. ин-т
_d1989
215 _a36 с.
_cил.
_d20
320 _aБиблиогр.: с. 36
700 1 _aИванков
_bР. П.
_gРоальд Петрович
701 1 _aКарлинский
_bЗ. И.
_gЗиновий Исаакович
701 1 _aШуть
_bГ. Е.
_gГеннадий Ефимович
801 0 _aRU
_bNLR
_gpsbo
801 1 _aRU
_bELAR
_2rusmarc
852 _aNLR
_j89-4/20433
942 _cBOOK
980 _aNB